000 01821nam a2200409 c 4500
003 BLK
005 20180422115653.0
008 180411b bul|||||r ||||||| ||bul||
010 _aKNG00198726000
020 _a978-619-7280-20-3
_bиздат.: Атеа Букс
040 _aBLK
041 _aBUL
_cBUL
072 7 _2bullib
_aН82
_xЛитературознание Н
080 _aБългарска литература
_b821.163.2
_x(092)(093.3)
_z821.163.2(092)(093.3)
080 _aБългарска писателка
_b929 Петрунова, Донка Николова
_x
_z929 Петрунова, Донка Николова
700 1 _aГеоргиев, Людмил Любомиров
_eсъстав.
_9365043
139 _aГеоргиев, Людмил Любомиров
_bП 47
245 1 0 _aДонка Петрунова - през очите на сърцата ни
_bСпомени за писателката
_cсъстав. Людмил Любомиров Георгиев.
257 _aBGR
260 София
_bАтеа Букс
_c2016
300 _a128 с., 36 л.
_bсн.
_c21 см
380 _a82
500 _aСъдържа и библиогр. Книгите на Донка Петрунова.
600 1 4 _aПетрунова, Донка Николова
_9370535
650 4 _aПетрунова, Донка Николова
_9370535
650 4 _aПисатели, български - спомени
_9243093
651 4 _aБългария
_9241624
653 _aДонка Петрунова
653 _aбългарски писатели
653 _aспомени
659 _aН
852 _aЦб 283796
856 4 _qpdf
_u
856 4 _qpdf
_u
942 _cKNG
_n0
944 _aCR
_c21.12.2016
_lф /
_kВиолета_Тройчева
944 _aED
_c05.01.2017
_lф /
_kЛюдмила_Стоянова
999 _c189680
_d189680